00621nam a2200157Ia 4500003000400000005001700004008004000021040000700061041001200068082001700080100007600097245017100173260005100344300001000395700005800405OSt20250512105124.0210210b1976 xxu||||| |||| 00| 0 eng d cAL aKannada a954.87K SHRK aSHRIKANTHAYYA (B M).d ಬಿ ಎಂ ಶ್ರೀಕಂಠಯ್ಯ  aKannada nadina charitre. Bhaga 3. (Karnataka kalegalu)bಕನ್ನಡ ನಾಡಿನ ಚರಿತ್ರೆ ಭಾಗ ೩ (ಕರ್ನಾಟಕ ಕಲೆಗಳು) aBengaluru.bKannada Sahitya Parishattu.,c1976 aiv,51 a M. H. Krashnadಕೃಷ್ಣ (ಎಂ ಹೆಚ್)